Pays les plus proches de la France - Statistiques

Statistiques générales
  • Ce quiz a été pris 2 199 fois
  • Le résultat moyen est 12 sur 20
Statistiques - réponses
Hint Réponse % Correct
0 Allemagne
98%
0 Italie
98%
0 Belgique
97%
0 Espagne
97%
0 Suisse
97%
0 Luxembourg
94%
0 Andorre
87%
0 Pays-Bas
86%
0 Monaco
85%
0 Brésil
75%
33 Royaume-Uni
74%
0 Surinam(e)
65%
150 Liechtenstein
36%
8 Canada
29%
29 Dominique
19%
51 Saint Christophe et Niévès
17%
33 Sainte Lucie
17%
98 Antigua-et-Barbuda
16%
117 Saint Vincent et les Grenadines
16%
61 Les Comores
14%
Aucun quiz correspondant
Distribution des résultats
% des personnes avec chaque résultat
Percentile par nombre de réponses
Votre historique - résultats
Vous n’avez pas pris ce quiz